Selena Gomez Movies! - Statistics

General Stats
  • This quiz has been taken 24 times
    16 since last reset
  • The average score is 6 of 42
Answer Stats
Year Movie % Correct
2011 Monte Carlo
79%
2010 Ramona and Beezus
64%
2009 Princess Protection Program
57%
2012 Hotel Transylvania
50%
2012 Spring Breakers
50%
2013 Getaway
36%
2015 Hotel Transylvania 2
36%
2008 Another Cinderella Story
29%
TBD Emilia Perez
29%
2009 Wizards of Waverly Place: The Movie
29%
2019 The Dead Don't Die
14%
2019 A Rainy Day in New York
7%
2014 Behaving Badly
7%
2020 Dolittle
7%
2008 Horton Hears A Who!
7%
2016 Neighbors 2: Sorority Rising
7%
2014 Rudderless
7%
2003 Spy Kids 3-D: Game Over
7%
2015 The Big Short
7%
2020 The Broken Hearts Gallery
7%
2016 The Fundamentals of Caring
7%
2020 This is the Year
7%
2012 Aftershock
0%
2010 Arthur 3: The War of the Two Worlds
0%
2009 Arthur and the Revenge of Maltazard
0%
2007 Arwin
0%
2006 Brain Zapped
0%
2021 Encounter
0%
2018 Hotel Transylvania 3: Summer Vacation
0%
2022 Hotel Transylvania 4: Transformania
0%
2006 House Broken
0%
2016 In Dubious Battle
0%
2022 In the Shadow of the Mountain
0%
2017 Lean on Pete
0%
TBD Spiral
0%
2011 The Muppets
0%
2013 The Wizards Return: Alex V.S. Alex
0%
2013 Thunder and the House of Magic
0%
2008 Tinker Bell
0%
2005 Walker, Texas Ranger: Trail by Fire
0%
2005 What's Stevie Thinking
0%
2009 Wizards on Deck With Hannah Montana
0%
No matching quizzes found
Score Distribution
Percent of People with Each Score
Percentile by Number Answered
Your Score History
You have not taken this quiz since the last reset